Aposentadoria especial 2016

Bibliographic Details
Main Author: Novaes Martinez, Wladimir
Format: eBook
Language:Portuguese
Published: San Pablo: LTR, 2016
Subjects:
Online Access:Acceso restringido

MARC

LEADER 00000nam a22000007a 4500
005 20170214000448.0
007 cr|||| ||||
008 170214s2016 br |||||s|||| 00||0 por d
020 |a 978-85-361-9041-9 
035 |a 14725 
040 |a vLex 
090 |c 6536  |d 6536 
100 1 |a Novaes Martinez, Wladimir 
245 1 0 |a Aposentadoria especial 2016  |h [Recurso electrn̤ico] /  |c Wladimir Novaes Martinez 
256 |a Servicio en ln̕ea 
260 |a San Pablo:  |b LTR,  |c 2016 
300 |a 1 recurso electrn̤ico 
500 |a Juntamente com o “Aposentadoria Especial em 920 Perguntas e Respostas”, na 5® ediȯ̂, este Aposentadoria Especial ̌o mais complexo ensaio sobre o benefc̕io dos trabalhadores da iniciativa privada que se expe̳m aos agentes nocivos fs̕icos, qum̕icos, biolg̤icos, ergomťricos e psicolg̤icos. 
506 1 |a Disponible solo en los productos indicados  |d vLex Global  |d vLex Global (Academic Edition, excluding Law Schools)  |d vLex Global (U.S. Academic Edition, Law Schools)  |d vLex Global (U.S. Academic Edition, excluding Law Schools)  |d vLex Global (Academic Edition, Law Schools) 
650 0 4 |a Derecho Laboral y Seguridad Social  |z Brasil 
740 0 |a vLex Libros (Servicio en ln̕ea) 
856 4 0 |u http://vlex.com/source/aposentadoria-especial-14725  |z Acceso restringido 
942 |c BOOK 
999 0 |a Labor law and social security